[Event "III Miedzynarodowy Memorial Ireny Warakomskiej - Open B"]
[Site "Suwalki"]
[Date "2019.08.05"]
[Round "9.31"]
[White "Gardian, Adam"]
[Black "Baranska, Monika"]
[Result "1/2-1/2"]
[WhiteElo "1842"]
[BlackElo "1784"]
[PlyCount "59"]
[EventDate "2019.??.??"]

1. e4 e6 2. d4 d5 3. Nc3 Nf6 4. Bg5 Be7 5. e5 Nfd7 6. h4 Bxg5 7. hxg5 Qxg5 8.
Nh3 Qe7 9. Nf4 Nf8 10. Qg4 f5 11. exf6 gxf6 12. O-O-O Kd8 13. Re1 c6 14. Bd3
Na6 15. Bxa6 bxa6 16. Na4 e5 17. Qh4 e4 18. Nc5 Rg8 19. f3 f5 20. Qh6 Kc7 21.
c4 Qg5 22. Qxg5 Rxg5 23. cxd5 cxd5 24. Nxd5+ Kc6 25. Ne7+ Kd6 26. Nxc8+ Rxc8
27. fxe4 fxe4 28. Rxe4 Kd5 29. Rhe1 Nd7 30. g4 1/2-1/2

[Event "III Miedzynarodowy Memorial Ireny Warakomskiej - Open B"]
[Site "Suwalki"]
[Date "2019.08.05"]
[Round "9.32"]
[White "Kaminski, Maciej"]
[Black "Wasik, Mateusz"]
[Result "0-1"]
[WhiteElo "1818"]
[BlackElo "1761"]
[PlyCount "82"]
[EventDate "2019.??.??"]

1. e4 c5 2. Nf3 Nc6 3. d4 cxd4 4. Nxd4 Qb6 5. Nb3 Nf6 6. Nc3 e6 7. Qe2 d6 8.
Be3 Qc7 9. O-O-O a6 10. g4 b5 11. g5 Nd7 12. f4 Bb7 13. Bg2 Nb6 14. f5 Nc4 15.
fxe6 fxe6 16. Bd4 Be7 17. Kb1 O-O 18. h4 Rae8 19. Qg4 Bd8 20. Rdf1 Rxf1+ 21.
Rxf1 Nxd4 22. Nxd4 Nd2+ 23. Kc1 Nxf1 24. Bxf1 Qf7 25. Bh3 Bb6 26. Nce2 Qf2 27.
c3 Qe3+ 28. Kd1 Bxe4 29. Bg2 Bxg2 30. Qxg2 Qd3+ 31. Kc1 Bxd4 32. Nxd4 b4 33.
Ne2 bxc3 34. Nxc3 Rf8 35. Ne2 d5 36. h5 d4 37. b3 Rc8+ 38. Kb2 Qd2+ 39. Ka3 d3
40. Qb7 Qa5+ 41. Kb2 Rc2+ 0-1

[Event "III Miedzynarodowy Memorial Ireny Warakomskiej - Open B"]
[Site "Suwalki"]
[Date "2019.08.05"]
[Round "9.33"]
[White "Paprocki, Antoni"]
[Black "Diachek, Alina"]
[Result "0-1"]
[WhiteElo "1752"]
[BlackElo "1804"]
[PlyCount "116"]
[EventDate "2019.??.??"]

1. Nf3 Nf6 2. g3 e6 3. Bg2 d5 4. O-O Be7 5. d3 O-O 6. Nbd2 c5 7. e4 Nc6 8. Qe2
b5 9. c3 a5 10. Ne1 Bb7 11. f4 dxe4 12. Nxe4 Qc7 13. Be3 Nxe4 14. dxe4 b4 15.
g4 Rfd8 16. Rf3 a4 17. cxb4 Nd4 18. Bxd4 Rxd4 19. Rc3 Rxb4 20. a3 Rb3 21. Rxb3
axb3 22. e5 Bxg2 23. Kxg2 Rc8 24. Qc4 Qb7+ 25. Nf3 Rd8 26. Kf2 Qd5 27. Rc1 h6
28. Ke2 Kf8 29. h3 Rd7 30. h4 Rd8 31. g5 h5 32. Qxd5 exd5 33. f5 c4 34. Kd2 Bc5
35. f6 Bb6 36. Ke2 Ba5 37. Nd4 Re8 38. Nf3 Bc7 39. Rd1 Bxe5 40. Nxe5 Rxe5+ 41.
Kf3 g6 42. Kf4 Re4+ 43. Kf3 Re5 44. Kf4 Rf5+ 45. Kg3 Ke8 46. Re1+ Kd8 47. Re7
d4 48. Re4 Rd5 49. Kf2 c3 50. Re1 Rf5+ 51. Kg3 c2 52. a4 d3 53. a5 d2 54. Rg1
d1=Q 55. Rxd1+ cxd1=Q 56. a6 Rf3+ 57. Kg2 Qe2+ 58. Kg1 Rf1# 0-1

[Event "III Miedzynarodowy Memorial Ireny Warakomskiej - Open B"]
[Site "Suwalki"]
[Date "2019.08.05"]
[Round "9.34"]
[White "Borowik, Wojciech"]
[Black "Maciejewski, Mikolaj"]
[Result "1-0"]
[WhiteElo "1599"]
[BlackElo "1788"]
[PlyCount "93"]
[EventDate "2019.??.??"]

1. d4 Nf6 2. Nf3 d5 3. c4 c6 4. e3 Bf5 5. Nc3 e6 6. Be2 Nbd7 7. O-O Be7 8. a3
O-O 9. b4 a5 10. b5 c5 11. Bb2 dxc4 12. Bxc4 Nb6 13. Be2 Rc8 14. Qb3 c4 15. Qd1
Nfd5 16. Qd2 a4 17. Bd1 Nxc3 18. Bxc3 Qd5 19. Bb4 Rfe8 20. Bxe7 Rxe7 21. Qb4
Rec7 22. Bxa4 Nxa4 23. Qxa4 c3 24. Ne5 c2 25. Rfc1 Rc3 26. Qa5 Rb3 27. a4 Rb1
28. Qe1 Qb3 29. Raxb1 Qxb1 30. g4 Be4 31. f3 Qb3 32. fxe4 Qxa4 33. Qe2 Qa3 34.
Rxc2 Rxc2 35. Qxc2 Qxe3+ 36. Qf2 Qc1+ 37. Kg2 f6 38. Nd3 Qb1 39. Qe3 Qxb5 40.
Qf3 Qc4 41. d5 exd5 42. exd5 Qd4 43. Qf5 b6 44. h3 h6 45. Nf2 Qc5 46. Qe6+ Kf8
47. Qc6 1-0

[Event "III Miedzynarodowy Memorial Ireny Warakomskiej - Open B"]
[Site "Suwalki"]
[Date "2019.08.05"]
[Round "9.35"]
[White "Rak, Tomasz"]
[Black "Kupsik, Joanna"]
[Result "1-0"]
[WhiteElo "2022"]
[BlackElo "1708"]
[PlyCount "117"]
[EventDate "2019.??.??"]

1. Nf3 c5 2. c4 Nc6 3. d4 cxd4 4. Nxd4 g6 5. Nc2 Bg7 6. g3 d6 7. Bg2 Be6 8. Ne3
Qd7 9. Nc3 Bxc3+ 10. bxc3 Nf6 11. Rb1 Rc8 12. c5 dxc5 13. Qxd7+ Nxd7 14. Rxb7
Bxa2 15. O-O Be6 16. Nd5 Bxd5 17. Bxd5 Nb6 18. Bxc6+ Rxc6 19. Rxa7 Nc8 20. Rb7
Nd6 21. Rb8+ Nc8 22. Rd1 O-O 23. Bh6 Re8 24. Rd7 f6 25. Bf4 Kf7 26. Rbb7 Nb6
27. Rdc7 Rxc7 28. Bxc7 Nd5 29. c4 Nxc7 30. Rxc7 Rb8 31. Rxc5 Rb2 32. e3 Rc2 33.
Kg2 Ke6 34. Kf3 Kd6 35. Rc8 Kd7 36. Rh8 Rxc4 37. Rxh7 g5 38. e4 Kd6 39. h4 gxh4
40. gxh4 e6 41. Kf4 Ra4 42. Rg7 Ra2 43. Rg2 Ra1 44. Rh2 Rg1 45. h5 Ke7 46. h6
e5+ 47. Ke3 Rg8 48. f4 exf4+ 49. Kxf4 Ke6 50. Rh5 Ra8 51. h7 Rh8 52. Rh6 Kf7
53. Kf5 Kg7 54. Rh1 Kf7 55. Ra1 Kg7 56. Ra7+ Kh6 57. Kxf6 Rf8+ 58. Rf7 Ra8 59.
e5 1-0

[Event "III Miedzynarodowy Memorial Ireny Warakomskiej - Open B"]
[Site "Suwalki"]
[Date "2019.08.05"]
[Round "9.36"]
[White "Kutowski, Marcel"]
[Black "Szczygiel, Jakub"]
[Result "1/2-1/2"]
[WhiteElo "1773"]
[BlackElo "1809"]
[PlyCount "32"]
[EventDate "2019.??.??"]

1. e4 c5 2. Nf3 g6 3. c4 Bg7 4. d4 cxd4 5. Nxd4 Nc6 6. Be3 Nf6 7. Nc3 d6 8. Be2
O-O 9. O-O Nxd4 10. Bxd4 Bd7 11. f3 a6 12. Qd2 Be6 13. Rac1 Qa5 14. Rfd1 Rfc8
15. b3 b5 16. cxb5 axb5 1/2-1/2

[Event "III Miedzynarodowy Memorial Ireny Warakomskiej - Open B"]
[Site "Suwalki"]
[Date "2019.08.05"]
[Round "9.37"]
[White "Kasperczyk, Szymon"]
[Black "Kuleba, Ivan"]
[Result "1/2-1/2"]
[WhiteElo "1728"]
[BlackElo "1609"]
[PlyCount "108"]
[EventDate "2019.??.??"]

1. d4 d5 2. Nf3 c6 3. c4 e6 4. Nc3 dxc4 5. a4 Bb4 6. e4 b5 7. Bd2 a5 8. e5 Bxc3
9. bxc3 Ne7 10. Ng5 Bb7 11. Ne4 Nc8 12. Qg4 Kf8 13. Rb1 Qd5 14. Nc5 Ba6 15. Be2
Qd8 16. O-O Qe8 17. Bc1 Nd7 18. Ba3 Nxc5 19. Bxc5+ Kg8 20. Bf3 Rb8 21. Be4 Nb6
22. axb5 cxb5 23. f4 Na4 24. Rf3 Nxc5 25. dxc5 b4 26. f5 b3 27. Rg3 g6 28. h4
exf5 29. Qxf5 Rb4 30. Qf6 Bb7 31. Bxb7 Rxb7 32. h5 Qe7 33. Rd1 Qxf6 34. exf6 h6
35. hxg6 fxg6 36. c6 Rc7 37. Rxg6+ Kh7 38. Rg4 Rf8 39. Rxc4 Rxf6 40. Rd7+ Rf7
41. Rxf7+ Rxf7 42. c7 b2 43. c8=Q b1=Q+ 44. Kh2 Qf5 45. Qxf5+ Rxf5 46. Rc7+ Kg6
47. Kh3 a4 48. Ra7 Rc5 49. Ra6+ Kg5 50. Rxa4 Rxc3+ 51. g3 h5 52. Ra5+ Kg6 53.
Kh4 Rc4+ 54. Kh3 Rb4 1/2-1/2

[Event "III Miedzynarodowy Memorial Ireny Warakomskiej - Open B"]
[Site "Suwalki"]
[Date "2019.08.05"]
[Round "9.38"]
[White "Mazurek, Jerzy"]
[Black "Dziewonski, Dariusz"]
[Result "1/2-1/2"]
[WhiteElo "1653"]
[BlackElo "1838"]
[PlyCount "57"]
[EventDate "2019.??.??"]

1. d4 d5 2. c4 e6 3. Nc3 Nf6 4. cxd5 exd5 5. Bg5 Be7 6. e3 c6 7. Bd3 Nbd7 8.
Qc2 Nb6 9. Nge2 Nh5 10. Bxe7 Qxe7 11. O-O g6 12. Rae1 O-O 13. Nc1 Be6 14. Nb3
Rfe8 15. f3 Qc7 16. Qf2 Rad8 17. Nc5 Nd7 18. b4 b6 19. Nxe6 Rxe6 20. b5 Nf8 21.
Rc1 c5 22. dxc5 bxc5 23. Na4 c4 24. Bc2 Rde8 25. Nc3 Qc5 26. Rfd1 Nf6 27. e4
Qxf2+ 28. Kxf2 dxe4 29. Nxe4 1/2-1/2

[Event "III Miedzynarodowy Memorial Ireny Warakomskiej - Open B"]
[Site "Suwalki"]
[Date "2019.08.05"]
[Round "9.39"]
[White "Czernecki, Andrzej"]
[Black "Sivickis, Wiktoria"]
[Result "1-0"]
[WhiteElo "1580"]
[BlackElo "1793"]
[PlyCount "155"]
[EventDate "2019.??.??"]

1. e4 c5 2. Nf3 Nc6 3. d4 cxd4 4. Nxd4 Nf6 5. Nc3 e5 6. Ndb5 d6 7. Nd5 Nxd5 8.
exd5 Nb8 9. Qf3 Be7 10. Qc3 Na6 11. Be3 O-O 12. Nxa7 Nc5 13. Bxc5 dxc5 14. Nxc8
Rxc8 15. Bc4 Bd6 16. Qh3 b5 17. Bd3 g6 18. O-O c4 19. Be2 Rc5 20. b3 Rxd5 21.
bxc4 Rd2 22. Qe3 Rxc2 23. Rfd1 bxc4 24. Qe4 Rc3 25. Qc6 Rc2 26. Rxd6 Qa5 27.
Bf1 Rxa2 28. Rxa2 Qxa2 29. Qxc4 Qxc4 30. Bxc4 Rc8 31. Bf1 Rc7 32. g3 Kg7 33.
Kg2 f5 34. Bb5 Rc5 35. Rd7+ Kf6 36. Ba4 h5 37. Bb3 e4 38. Rd6+ Kg7 39. Ba4 Rc8
40. Kh3 Ra8 41. Rd4 Rb8 42. Rd2 Kf6 43. Kg2 Ra8 44. Bc2 Rc8 45. Ba4 Ra8 46. Bc6
Rb8 47. Rd6+ Kg7 48. Rd7+ Kf6 49. Bb7 Ke6 50. Rc7 Rd8 51. Rc6+ Kf7 52. Rc4 Rd2
53. Bxe4 fxe4 54. Rxe4 Rd3 55. Ra4 Kf6 56. h4 Rc3 57. Rf4+ Ke5 58. Rf8 Ra3 59.
f3 Ke6 60. g4 Ra5 61. g5 Rf5 62. Ra8 Kf7 63. Ra7+ Kg8 64. Kg3 Kf8 65. Ra4 Kf7
66. Rf4 Ke6 67. Re4+ Kf7 68. Rc4 Ke7 69. Rc1 Ke6 70. Rc7 Rf8 71. Rg7 Kf5 72.
Ra7 Re8 73. Ra6 Re6 74. Rxe6 Kxe6 75. Kf4 Kd6 76. Ke4 Ke7 77. Ke5 Kf7 78. Kd6
1-0

[Event "III Miedzynarodowy Memorial Ireny Warakomskiej - Open B"]
[Site "Suwalki"]
[Date "2019.08.05"]
[Round "9.40"]
[White "Sentowski, Sebastian"]
[Black "Wolagiewicz, Kinga"]
[Result "1/2-1/2"]
[WhiteElo "1742"]
[BlackElo "1650"]
[PlyCount "80"]
[EventDate "2019.??.??"]

1. d4 d5 2. c4 e6 3. Nc3 Nf6 4. Bg5 c6 5. e3 Nbd7 6. Nf3 Qa5 7. Bxf6 Nxf6 8.
Nd2 Bb4 9. Qb3 Bxc3 10. bxc3 O-O 11. Bd3 dxc4 12. Bxc4 c5 13. O-O a6 14. Be2
cxd4 15. exd4 b5 16. a4 bxa4 17. Rxa4 Qc7 18. Rfa1 Qd6 19. Qa3 Qf4 20. Nf3 Bb7
21. Ne5 Qd2 22. Bf3 Bxf3 23. Nxf3 Qc2 24. c4 Rfb8 25. Rb4 Rc8 26. Qa4 Qe2 27.
Ra2 Qd3 28. h3 a5 29. Rb3 Qxc4 30. Qxc4 Rxc4 31. Rxa5 Rac8 32. Rb7 Nd5 33. Raa7
R4c7 34. Rxc7 Nxc7 35. Kf1 Kf8 36. Ke2 h6 37. Ne5 f6 38. Nd7+ Kg8 39. Nb6 Rb8
40. Rxc7 Rxb6 1/2-1/2

[Event "III Miedzynarodowy Memorial Ireny Warakomskiej - Open B"]
[Site "Suwalki"]
[Date "2019.08.05"]
[Round "9.41"]
[White "Burak, Vyacheslav"]
[Black "Skawinski, Szymon"]
[Result "0-1"]
[WhiteElo "1509"]
[BlackElo "1676"]
[PlyCount "38"]
[EventDate "2019.??.??"]

1. e4 e5 2. Nf3 Nc6 3. Bc4 Bc5 4. c3 Nf6 5. d4 exd4 6. e5 d5 7. Bb5 Ne4 8. cxd4
Bb6 9. Bxc6+ bxc6 10. O-O O-O 11. b4 a5 12. bxa5 Bxa5 13. Ba3 Re8 14. Qc2 Ba6
15. Rd1 Re6 16. Bc5 Rg6 17. Nfd2 Rxg2+ 18. Kh1 Rxh2+ 19. Kxh2 Qh4+ 0-1

[Event "III Miedzynarodowy Memorial Ireny Warakomskiej - Open B"]
[Site "Suwalki"]
[Date "2019.08.05"]
[Round "9.42"]
[White "Warcaba, Jakub"]
[Black "Jasinowicz, Waclaw"]
[Result "1-0"]
[WhiteElo "1661"]
[BlackElo "1523"]
[PlyCount "119"]
[EventDate "2019.??.??"]

1. d4 Nf6 2. c4 e6 3. Nf3 d5 4. Nc3 Be7 5. Bf4 dxc4 6. e3 O-O 7. Bxc4 c5 8. O-O
cxd4 9. exd4 Nd5 10. Bg3 Nc6 11. Re1 Bf6 12. Rc1 a6 13. Nxd5 exd5 14. Bd3 Bg4
15. Be5 Bxf3 16. Qxf3 Nxd4 17. Bxd4 Bxd4 18. Bxh7+ Kxh7 19. Qd3+ f5 20. Qxd4
Qf6 21. Qxf6 Rxf6 22. Rc7 Rb6 23. b3 Rd8 24. Ree7 Rc6 25. Rxg7+ Kh6 26. Kf1 d4
27. Rxc6+ bxc6 28. Rc7 Rd6 29. Ke2 Kg5 30. Kd3 Kf6 31. b4 a5 32. bxa5 Kg5 33.
a6 c5 34. Rxc5 Rxa6 35. Rc2 Ra4 36. Ke2 Ra3 37. Rd2 Ra4 38. Kd1 Kf4 39. Kc1 Ke4
40. Kb2 Rb4+ 41. Kc2 Rc4+ 42. Kd1 d3 43. Rb2 Ra4 44. Kd2 Ra3 45. h4 f4 46. h5
Kf5 47. g3 fxg3 48. fxg3 Kg5 49. g4 Kh6 50. Ke3 Kg5 51. Kd4 Kh6 52. Rg2 Kg5 53.
Kc4 Kh6 54. Kb4 Ra8 55. a4 Kg5 56. Kb3 Re8 57. Kc3 Re4 58. Ra2 d2 59. Kxd2 Rxg4
60. Kd3 1-0

[Event "III Miedzynarodowy Memorial Ireny Warakomskiej - Open B"]
[Site "Suwalki"]
[Date "2019.08.05"]
[Round "9.43"]
[White "Plesiuk, Jan"]
[Black "Starosciak, Szymon"]
[Result "0-1"]
[WhiteElo "1695"]
[BlackElo "1762"]
[PlyCount "42"]
[EventDate "2019.??.??"]

1. d4 Nf6 2. Bf4 g6 3. Nf3 Bg7 4. h3 O-O 5. c4 d6 6. Nc3 Nbd7 7. e3 c5 8. Be2
a6 9. g4 Qa5 10. O-O Ne8 11. Bd3 Nc7 12. Bg3 b5 13. Bh4 Re8 14. Qc2 Rb8 15. b3
Bb7 16. Be4 Bxe4 17. Nxe4 Ne6 18. d5 Nc7 19. Rab1 Qb4 20. Bg3 Rb7 21. Nfd2 Reb8
0-1

[Event "III Miedzynarodowy Memorial Ireny Warakomskiej - Open B"]
[Site "Suwalki"]
[Date "2019.08.05"]
[Round "9.44"]
[White "Kruczynski, Marek"]
[Black "Kalvaitis, Gintautas"]
[Result "1-0"]
[WhiteElo "1723"]
[BlackElo "1751"]
[PlyCount "59"]
[EventDate "2019.??.??"]

1. e4 e5 2. Ne2 Nf6 3. d4 Nxe4 4. f3 Ng5 5. dxe5 d6 6. Bf4 Nc6 7. exd6 Bxd6 8.
Bxd6 Qxd6 9. Qxd6 cxd6 10. Nbc3 Bf5 11. O-O-O O-O-O 12. h4 Nxf3 13. gxf3 Ne5
14. Nd4 Bd7 15. Bh3 a6 16. Ne4 Kc7 17. f4 Ng6 18. Rdf1 Ne7 19. f5 Nc6 20. Ne2
Ne5 21. f6 g6 22. Bxd7 Kxd7 23. Rd1 Rhe8 24. Nxd6 Rf8 25. Nxf7+ Kc7 26. Nxd8
Rxd8 27. Rxd8 Kxd8 28. Nf4 Nd7 29. Rd1 Ke8 30. f7+ 1-0

[Event "III Miedzynarodowy Memorial Ireny Warakomskiej - Open B"]
[Site "Suwalki"]
[Date "2019.08.05"]
[Round "9.45"]
[White "Mazurek, Jakub"]
[Black "Olszewski, Jan"]
[Result "0-1"]
[WhiteElo "1605"]
[BlackElo "1405"]
[PlyCount "50"]
[EventDate "2019.??.??"]

1. c4 e5 2. Nf3 Nc6 3. Nc3 Nf6 4. e3 Bb4 5. Qc2 O-O 6. Be2 Re8 7. O-O Bf8 8. d4
d5 9. Nxd5 exd4 10. e4 h6 11. Rd1 Nxe4 12. Nxd4 Nxd4 13. Rxd4 Bf5 14. Bd3 Nd6
15. Bf4 Bxd3 16. Qxd3 c5 17. Re4 Nxe4 18. Qb3 Bd6 19. Bxd6 Nxd6 20. Rd1 Qa5 21.
Ne3 Nf5 22. g4 Nxe3 23. fxe3 Rad8 24. Rf1 Qb4 25. Qc2 Qd2 0-1

[Event "III Miedzynarodowy Memorial Ireny Warakomskiej - Open B"]
[Site "Suwalki"]
[Date "2019.08.05"]
[Round "9.46"]
[White "Laskowski, Filip"]
[Black "Chojnowski, Marcin"]
[Result "1-0"]
[WhiteElo "1842"]
[BlackElo "2038"]
[PlyCount "71"]
[EventDate "2019.??.??"]

1. c4 e5 2. g3 Nc6 3. Bg2 Bc5 4. Nc3 a6 5. e3 d6 6. Nge2 Ba7 7. O-O Be6 8. b3
Qd7 9. Nd5 Nge7 10. Nxe7 Qxe7 11. Re1 Bg4 12. h3 Bxe2 13. Qxe2 O-O 14. Bb2 f5
15. f4 Rae8 16. a3 Kh8 17. b4 Qe6 18. Kh2 Qh6 19. b5 axb5 20. cxb5 Nd8 21. Qc4
Re7 22. a4 Rfe8 23. fxe5 dxe5 24. Rf1 Qg6 25. a5 Nf7 26. a6 Nd6 27. Qc2 bxa6
28. bxa6 h5 29. Ba3 h4 30. gxh4 Rf7 31. Bd5 Rfe7 32. Rac1 Rf8 33. Qd1 Qh6 34.
Bxd6 cxd6 35. h5 f4 36. Qg4 1-0